000 00415nam a2200181Ia 4500
001 18753
005 20260306171654.0
008 260306s9999||||xx |||||||||||||| ||und||
041 _aESP
082 _a658.5
_bCH574
100 _aChristopher, Martín
_eAUT
245 0 _aLogística:
_baspectos estratégicos
260 _c2011
300 _a
_c
650 _aGEN
654 _aCAN
942 _cLIB
_dJUS
_fJUS
_2ddc
_n
999 _c18753
_d18753